[Event "Blackmar-Diemer"]
[Site "http://www.queenalice.com/game.php?id=457979"]
[Date "2008.9.3"]
[Round "1"]
[White "mhemzo"]
[Black "antonius"]
[Result "1/2-1/2"]
[WhiteElo "1234"]
[BlackElo "2317"]

1. d4 d5 2. e4 dxe4 3. Nc3 Nf6 4. Bg5 Bf5 5. Qe2 c6 6. Bxf6 exf6 7. O-O-O Bb4 8.
Nxe4 O-O 9. Ng3 Be6 10. a3 Ba5 11. Nh3 Bc7 12. Qd2 Qd6 13. Ne4 Qd5 14. Nc3 Qd7
15. Nf4 Bf5 16. Be2 Re8 17. h3 Qd6 18. Nh5 Bg6 19. Rhe1 Nd7 20. g3 Nb6 21. Nf4
Bf5 22. Bd3 Bd7 23. Kb1 f5 24. Nfe2 Be6 25. Rg1 a5 26. Qg5 Qe7 27. Qh5 g6 28.
Qh6 Qf8 29. Qh4 Nd5 30. g4 f4 31. g5 Rad8 32. Be4 Nxc3+ 33. Nxc3 Qg7 34. d5 cxd5
35. Bxd5 Be5 36. Bxe6 fxe6 37. Rxd8 Rxd8 38. Qg4 Re8 39. Re1 Bxc3 40. Rxe6 Rf8
41. bxc3 Qxc3 42. Qe2 Qxa3 1/2-1/2

[Event "AUTO-MASTER-462"]
[Site "http://www.queenalice.com/game.php?id=464468"]
[Date "2008.9.17"]
[Round "2"]
[White "antonius"]
[Black "VladimirSpirin"]
[Result "1-0"]
[WhiteElo "2331"]
[BlackElo "2024"]

1. d4 b6 2. Nf3 Bb7 3. g3 g6 4. Bg2 Bg7 5. c4 d6 6. Nc3 e6 7. O-O h6 8. a4 a5 9.
e4 Ne7 10. Be3 Nd7 11. Nd2 e5 12. Nb3 Ba6 13. Nb5 Nc6 14. f4 Na7 15. dxe5 dxe5
16. Qd5 Bxb5 17. cxb5 O-O 18. Rad1 Nc5 19. Qc4 Qb8 20. Nxc5 bxc5 21. f5 g5 22.
f6 Bh8 23. Qxc5 Nc8 24. Qxf8+ 1-0

[Event "AUTO-MASTER-462"]
[Site "http://www.queenalice.com/game.php?id=464469"]
[Date "2008.9.17"]
[Round "2"]
[White "VladimirSpirin"]
[Black "antonius"]
[Result "0-1"]
[WhiteElo "1982"]
[BlackElo "2315"]

1. b3 e5 2. Bb2 Nc6 3. g3 d5 4. Bg2 Nf6 5. d3 Bc5 6. e3 Qe7 7. a3 d4 8. e4 O-O
9. Nd2 a5 10. h3 Bd7 11. Ne2 Ne8 12. g4 Nd6 13. Nf3 f6 14. Ng3 Nb5 15. O-O Bxa3
16. Bxa3 Nxa3 17. Qc1 Nb5 18. Re1 Qc5 19. Qb2 Qb4 20. Ra4 Qc3 21. Qb1 Nb4 22.
Rc1 b6 23. Ne2 Qc5 24. Ra1 Nc3 25. Nxc3 Qxc3 26. Bf1 h5 27. gxh5 Kf7 28. Ne1 Rh8
29. Rd1 Rxh5 30. Nf3 Rah8 31. Qc1 Nxc2 32. Rb1 Bxh3 33. Bxh3 Rxh3 34. Kg2 g5 35.
Qd2 g4 36. Qxc3 gxf3+ 37. Kg1 Rh1# 0-1

[Event "AUTO-MASTER-462"]
[Site "http://www.queenalice.com/game.php?id=464470"]
[Date "2008.9.17"]
[Round "2"]
[White "antonius"]
[Black "ichtus"]
[Result "1-0"]
[WhiteElo "2348"]
[BlackElo "2191"]

1. d4 Nf6 2. c4 c5 3. d5 e6 4. Nc3 exd5 5. cxd5 d6 6. e4 g6 7. Nf3 Bg7 8. h3 O-O
9. Be2 Re8 10. Nd2 Na6 11. O-O Nc7 12. Bd3 a6 13. a4 b6 14. Qc2 Bb7 15. Rb1 Nd7
16. Nc4 Qe7 17. Bf4 Ne5 18. Bxe5 Bxe5 19. Nxb6 Rab8 20. a5 Na8 21. Nc4 Bc8 22.
b4 cxb4 23. Na2 b3 24. Rxb3 Rxb3 25. Qxb3 Bd4 26. Nb4 Bc5 27. Bc2 Nc7 28. Nc6
Qf6 29. Nb6 Nb5 30. Kh2 Kh8 31. Nxc8 Rxc8 32. Bd3 1-0

[Event "AUTO-MASTER-462"]
[Site "http://www.queenalice.com/game.php?id=464471"]
[Date "2008.9.17"]
[Round "2"]
[White "ichtus"]
[Black "antonius"]
[Result "0-1"]
[WhiteElo "2165"]
[BlackElo "2309"]

1. d4 Nf6 2. Nf3 d5 3. Bf4 c5 4. Bxb8 Rxb8 5. dxc5 e6 6. e3 Bxc5 7. Nbd2 O-O 8.
Bd3 Qb6 9. Nb3 Bd6 10. c3 e5 11. Be2 a5 12. Qc1 Bf5 13. O-O a4 14. Nbd2 a3 15.
b3 Rbc8 16. Nh4 Be6 17. Nb1 Ne4 18. Qe1 Qa5 19. b4 Qd8 20. Nf3 Nxc3 21. Nxa3
Bxb4 22. Nb1 d4 23. exd4 e4 0-1

[Event "AUTO-ELITE-200"]
[Site "http://www.queenalice.com/game.php?id=472329"]
[Date "2008.10.3"]
[Round "2"]
[White "shogun"]
[Black "antonius"]
[Result "1-0"]
[WhiteElo "2552"]
[BlackElo "2317"]

1. e4 c5 2. Nf3 e6 3. d4 cxd4 4. Nxd4 Nf6 5. Nc3 d6 6. Be3 Be7 7. f3 O-O 8. Qd2
d5 9. e5 Ne8 10. Be2 f6 11. exf6 Bxf6 12. f4 Nc6 13. O-O-O Nd6 14. Rhf1 Bd7 15.
g4 Na5 16. b3 Nc6 17. Nxc6 Bxc6 18. g5 Be7 19. Bg4 Nf5 20. Ne2 a5 21. Nd4 Qd7
22. Nxf5 exf5 23. Bf3 Kh8 24. h4 a4 25. Bd4 axb3 26. axb3 Ra2 27. h5 Rfa8 28. h6
Bf8 29. Bc3 b5 30. Qd4 R2a7 31. Rfe1 Rc7 32. Rd3 Qf7 33. Rde3 Rac8 34. Re6 1-0

[Event "AUTO-ELITE-200"]
[Site "http://www.queenalice.com/game.php?id=472330"]
[Date "2008.10.3"]
[Round "2"]
[White "antonius"]
[Black "shogun"]
[Result "0-1"]
[WhiteElo "2331"]
[BlackElo "2580"]

1. d4 Nf6 2. c4 d5 3. cxd5 c6 4. Nc3 cxd5 5. Bf4 Qb6 6. e3 Bf5 7. Bb5+ Nc6 8. a4
Bd7 9. Nf3 a6 10. Bxc6 Bxc6 11. Qc2 e6 12. Ne5 Bb4 13. Nd3 Nh5 14. Bg5 f6 15.
Bh4 g5 16. Bg3 a5 17. Qd1 Nxg3 18. hxg3 O-O 19. Nxb4 axb4 20. Ne2 Rfc8 21. O-O
Be8 22. b3 Bg6 23. Ra2 h5 24. Qd2 Rc7 25. Rc1 Rac8 26. Rxc7 Rxc7 27. f3 Kg7 28.
Kf2 Qa5 29. f4 Be4 30. Nc1 Rc3 31. Rb2 e5 32. Ne2 Qc7 33. Kg1 Kg6 34. dxe5 fxe5
35. Kf2 Qc8 36. Kg1 Qc5 37. fxe5 Rxe3 38. Kh2 Bd3 39. Ng1 d4 40. Nf3 g4 41. Nh4+
Kg7 42. e6 Qd6 43. Qf2 Qxe6 44. Rd2 Qf7 45. a5 Qxf2 46. Rxf2 Be4 0-1

[Event "AUTO-ELITE-200"]
[Site "http://www.queenalice.com/game.php?id=472331"]
[Date "2008.10.3"]
[Round "2"]
[White "Lorfman"]
[Black "antonius"]
[Result "1-0"]
[WhiteElo "2510"]
[BlackElo "2346"]

1. e4 c5 2. Nf3 e6 3. d4 cxd4 4. Nxd4 a6 5. Nc3 Qc7 6. Bd3 Bd6 7. Qg4 Ne7 8. f4
O-O 9. e5 Bb4 10. Bd2 d6 11. O-O-O Ng6 12. Nf3 dxe5 13. fxe5 Nc6 14. h4 Ngxe5
15. Bxh7+ Kxh7 16. Qh5+ Kg8 17. Ng5 Rd8 18. Qh7+ Kf8 19. Qh8+ Ke7 20. Qxg7 1-0

[Event "AUTO-ELITE-200"]
[Site "http://www.queenalice.com/game.php?id=472332"]
[Date "2008.10.3"]
[Round "2"]
[White "antonius"]
[Black "Lorfman"]
[Result "1/2-1/2"]
[WhiteElo "2318"]
[BlackElo "2558"]

1. d4 Nf6 2. c4 g6 3. Nf3 Bg7 4. g3 O-O 5. Bg2 d5 6. cxd5 Nxd5 7. O-O Nb6 8. e4
Nc6 9. d5 Na5 10. Qe1 Nac4 11. Nc3 e6 12. b3 Qf6 13. bxc4 Qxc3 14. Qxc3 Bxc3 15.
Rb1 exd5 16. cxd5 Re8 17. Bd2 Bg7 18. Rfe1 c6 19. Bf4 cxd5 20. exd5 Bf5 21. Rbd1
Rxe1+ 22. Nxe1 Na4 23. d6 Re8 24. Be3 Nc3 25. Rd2 b6 26. Nd3 Ne4 27. Bxe4 Bxe4
28. Nf4 Rd8 29. Nd5 Rd7 30. Nc7 Be5 31. f4 Bh8 32. Kf2 f5 33. Nb5 Bc6 34. Nd4
Bxd4 35. Rxd4 Kf7 36. Bc1 Rd8 37. Rd3 Ke6 38. Ba3 Kd7 39. Re3 Be4 1/2-1/2

[Event "QA-ANNIV-04"]
[Site "http://www.queenalice.com/game.php?id=479340"]
[Date "2008.10.18"]
[Round "3"]
[White "jpzenitram"]
[Black "antonius"]
[Result "1/2-1/2"]
[WhiteElo "1838"]
[BlackElo "2322"]

1. e4 d5 2. d3 e5 3. Nc3 d4 4. Nce2 Nc6 5. Nf3 Nf6 6. g3 Bb4+ 7. Bd2 Bxd2+ 8.
Qxd2 Bg4 9. Bg2 Nd7 10. h3 Bxf3 1/2-1/2

[Event "AUTO-ELITE-199"]
[Site "http://www.queenalice.com/game.php?id=521980"]
[Date "2009.1.13"]
[Round "2"]
[White "Brodthuhn"]
[Black "antonius"]
[Result "1/2-1/2"]
[WhiteElo "2444"]
[BlackElo "2366"]

1. e4 c5 2. Nf3 e6 3. d4 cxd4 4. Nxd4 a6 5. Bd3 Bc5 6. Nb3 Be7 7. O-O d6 8. Qg4
Bf6 9. N1d2 Nc6 10. Rd1 Nge7 11. Qg3 O-O 12. c3 Ne5 13. f4 Nxd3 14. Qxd3 Ng6 15.
Nf3 Be7 16. Be3 Qc7 17. g3 f5 18. exf5 Rxf5 19. Rd2 Kh8 20. Rad1 Rf8 21. Rf2 e5
22. fxe5 1/2-1/2

[Event "AUTO-ELITE-199"]
[Site "http://www.queenalice.com/game.php?id=521981"]
[Date "2009.1.13"]
[Round "2"]
[White "antonius"]
[Black "Brodthuhn"]
[Result "1/2-1/2"]
[WhiteElo "2368"]
[BlackElo "2442"]

1. d4 d5 2. e4 c6 3. Nc3 dxe4 4. f3 exf3 5. Nxf3 Nf6 6. Bc4 Bf5 7. Ne5 e6 8. O-O
Bg6 9. Bf4 Nbd7 10. Nf3 Qb6 11. Rb1 Be7 12. Qd2 h6 13. a3 O-O 14. Kh1 Rfe8 15.
b4 Nd5 16. Na4 Qd8 17. Bxd5 exd5 18. Nc5 Nxc5 19. bxc5 b6 20. Ne5 bxc5 21. Nxc6
Qd7 22. Ne5 Qd6 1/2-1/2

[Event "AUTO-ELITE-199"]
[Site "http://www.queenalice.com/game.php?id=521982"]
[Date "2009.1.13"]
[Round "2"]
[White "cleber"]
[Black "antonius"]
[Result "1/2-1/2"]
[WhiteElo "2310"]
[BlackElo "2370"]

1. e4 c5 2. Nf3 e6 3. Nc3 a6 4. d3 Nc6 5. Be2 Nf6 6. O-O Qc7 7. Re1 Bd6 8. h3 b5
9. Be3 O-O 10. Qd2 Bb7 11. a3 h6 12. Rad1 Be7 13. Bf1 d6 14. Be2 e5 15. Nd5 Nxd5
16. exd5 Nd4 17. c4 f5 18. Bxd4 1/2-1/2

[Event "AUTO-ELITE-199"]
[Site "http://www.queenalice.com/game.php?id=521983"]
[Date "2009.1.13"]
[Round "2"]
[White "antonius"]
[Black "cleber"]
[Result "1-0"]
[WhiteElo "2355"]
[BlackElo "2316"]

1. d4 d5 2. e4 dxe4 3. Nc3 Nf6 4. f3 exf3 5. Nxf3 e6 6. Bd3 Be7 7. O-O Nc6 8.
Ne2 Nb4 9. Bc4 O-O 10. c3 Nbd5 11. Qd3 a6 12. Ne5 b5 13. Bb3 Bb7 14. Bc2 c5 15.
Bg5 c4 16. Qh3 Re8 17. Nf4 1-0

[Event "Blackmar-Diemer"]
[Site "http://www.queenalice.com/game.php?id=525452"]
[Date "2009.1.19"]
[Round "2"]
[White "antonius"]
[Black "RJGF"]
[Result "0-1"]
[WhiteElo "2333"]
[BlackElo "2006"]

1. d4 d5 2. e4 dxe4 3. Nc3 f5 4. Bc4 Nf6 5. f3 Nc6 6. Be3 e5 7. dxe5 Qxd1+ 8.
Rxd1 Bd7 9. exf6 gxf6 10. Bf7+ Ke7 11. Bd5 Nb4 12. Bb3 a5 13. a4 Be6 14. Bc5+
Ke8 15. Bxb4 axb4 16. Nb5 Bxb3 17. Nxc7+ Kf7 18. cxb3 Rc8 19. Rd7+ Kg6 20. Ne2
Bc5 21. fxe4 fxe4 22. Rf1 f5 23. Nf4+ Kh6 0-1